000 00928cam a2200253 4500
999 _c5662
_d5662
001 5662
003 BD-JhCC
005 20171219171404.0
008 710423s1967 ru ak 000 0 eng
035 _a(BD-JhCC)5662
040 _aDLC
_cDLC
_dDLC
_dBD-JhCC
041 1 _aengrus
050 0 0 _aTS850
_b.S4413
082 _a674.4
_bSHE 1967
100 1 _aSheĭnov, Ivan Ignatʹevich.
240 1 0 _aMontazh, ėkspluatat︠s︡ii︠a︡ i remont derevoobrabatyvai︠u︡shchego oborudovanii︠a︡.
245 1 0 _aInstallation and maintenance of woodworking machinery
_c[by] I. Sheinov. Translated from the Russian by L. Zelikoff.
260 _aMoscow,
_bMir Publishers,
_c1967.
300 _a301 p.
_billus., forms.
_c22 cm.
500 _aTranslation of Montazh, ėkspluatat︠s︡ii︠a︡ i remont derevoobrabatyvai︠u︡shchego oborudovani︠a︡.
650 0 _aWoodworking machinery.
942 _2ddc
_cBK